| 000 | 00519nam a2200169 a 4500 | ||
|---|---|---|---|
| 005 | 20140412111228.0 | ||
| 008 | 020416s19uu xx 00 eng d | ||
| 020 | _a0-673-23911-X | ||
| 050 |
_aTR(GS 500 _bB63 1988 |
||
| 100 | _aBolster, L. Carey | ||
| 245 |
_aInvitation to mathematics: 1 / _cL. Carey Bolster, et al. |
||
| 250 | _aTeacher's Ed. | ||
| 260 |
_aGlenview, Illinois : _bScott, Foresman and Company, _c1988. |
||
| 300 | _aT55D; 494p. ill. | ||
| 650 |
_aMathematics _xStudy and teaching |
||
| 999 |
_c102108 _d102108 |
||